| 000 | 01370cam a22003617a 4500 | ||
|---|---|---|---|
| 003 | CHAP | ||
| 005 | 20220329142308.0 | ||
| 008 | 000522d1999 mx a r 00110 spa d | ||
| 010 | _a81213 | ||
| 011 | _a82185 | ||
| 035 | _a92672 | ||
| 040 | _cCHAP | ||
| 090 | _aTesis | ||
| 100 | 0 | 0 |
_aPrado Rojas, Melquiades Guadalupe. _991273 |
| 245 | 1 | 0 |
_aPlanteamiento de "Alianza para el campo" versus su aplicación. Caso baja California : _bmemoria de experiencia profesional _c/por Melquiades Guadalupe Prado Rojas |
| 260 |
_aChapingo, Méx. : _bEl autor, _c1999. |
||
| 300 |
_a60 h. : _bilus. |
||
| 502 | _aTesis (Ing. Agr. Esp. en Economía Agrícola) -- UACH. Departamento de Economía Agrícola | ||
| 590 |
_aALEPH _b10 _c20130110 _lUCH01 _h1435 |
||
| 590 |
_aBATCH-UPD _b10 _c20130110 _lUCH01 _h0040 |
||
| 590 |
_aBATCH-UPD _b10 _c20130110 _lUCH01 _h0554 |
||
| 590 |
_aBATCH-UPD _b10 _c20130409 _lUCH01 _h2025 |
||
| 590 |
_aBATCH-UPD _b10 _c20130410 _lUCH01 _h1025 |
||
| 590 |
_aBATCH-UPD _b10 _c20130914 _lUCH01 _h1407 |
||
| 590 |
_aCONVERSION _b10 _c20130109 _lUCH01 _h1345 |
||
| 650 | 1 | 4 |
_aFertirrigación. _940652 |
| 650 | 1 | 4 |
_aPolítica agrícola _xBaja California. _990289 |
| 901 | _aBK | ||
| 905 | _aBlanca M. García O: | ||
| 942 | _cFOLL | ||
| 949 |
_aTesis _bBC _cTES _d33724000781712 _eTS2 _fc.2 _h36323 _i92672 _si |
||
| 949 |
_aTesis _bBC _cTES _d926721 _eTS1 _h36322 _i92672 _sb |
||
| 999 |
_c81213 _d81213 |
||